00212nam a2200073Ia 4500008004100000245004000041260004800081260000900129170620s9999 xx 000 0 und d 0aMethods of Macro Economics Dynamics bNew Delhi- Prentice Hall of India Pvt. Ltd. c1997